[Event "CFriend SI-2004-0-00026 email"]
[Site "Chessfriend.com"]
[Date "2004.10.16"]
[Round "1"]
[White "Peetoom, Frank F"]
[Black "Clark, Robert"]
[Result "1/2-1/2"]
[WhiteElo "1732"]
[BlackElo "1724"]
[PlyCount "30"]
[EventDate "2004.??.??"]
[EventType "tourn (corr)"]
[EventRounds "6"]
[SourceTitle "Corr 2024"]
[Source "ChessBase"]
[SourceDate "2023.10.19"]
[SourceVersion "1"]
[SourceVersionDate "2023.10.19"]
[SourceQuality "1"]

1. e4 Nc6 2. Nf3 e5 3. Bb5 f5 4. Nc3 fxe4 5. Nxe4 Nf6 6. Nxf6+ Qxf6 7. 0-0 Be7 8. Qe2 Nd4 9. Nxd4 exd4 10. Re1 c6 11. Bd3 d5 12. b3 0-0 13. Qxe7 Qxf2+ 14. Kh1 Bh3 15. gxh3 Qf3+ 1/2-1/2

[Event "Hallstahammar op"]
[Site "Hallstahammar"]
[Date "2003.09.13"]
[Round "5"]
[White "Clark, Robert"]
[Black "Nordin, Simon"]
[Result "1-0"]
[WhiteElo "1268"]
[BlackElo "1388"]
[PlyCount "61"]
[EventDate "2003.09.12"]
[EventType "swiss"]
[EventRounds "7"]
[EventCountry "SWE"]
[SourceTitle "CBM 096 Extra"]
[Source "ChessBase"]
[SourceDate "2003.10.22"]
[SourceVersion "2"]
[SourceVersionDate "2003.10.20"]
[SourceQuality "1"]

1. e4 e5 2. Nf3 Nc6 3. Bb5 a6 4. Bxc6 dxc6 5. d3 Bd6 6. h3 h6 7. 0-0 Nf6 8. Be3 Qe7 9. Nbd2 0-0 10. Nc4 a5 11. Qd2 Bb4 12. c3 Bd6 13. Bxh6 gxh6 14. Qxh6 Nh7 15. Ne3 Qf6 16. Qh5 Qg6 17. Qh4 Kh8 18. g4 f5 19. Ng5 Qxg5 20. Qxg5 Nxg5 21. exf5 Nxh3+ 22. Kg2 Nf4+ 23. Kf3 Nxd3 24. b3 Nf4 25. Rh1+ Kg7 26. Rh2 Kf6 27. Rah1 b6 28. Rh6+ Kg5 29. Ng2 e4+ 30. Kxe4 Nxg2 31. Rg6# 1-0